{"text_format":"3","workbook":"xlsx","n_sheets":1,"sheets":["t167"],"read":"whole","date_system":"1900"}

{"sheet":"t167","index":0,"n_rows":149,"n_cols":7,"rows_kept":149,"merged":[[0,0,0,6],[30,0,30,5],[44,0,44,5],[125,0,125,5]]}
["TABELA 167.1 - Estatísticas Agrícolas, Município de Embaúba, Estado de São Paulo, 2007/08."]
["ITEM","UNIDADE","N.DE UPAs","MÍNIMO","MÉDIO","MÁXIMO","TOTAL"]
["Distância à sede do município","km",244,0.1,{"v":5.37,"d":"5.4"},{"v":16,"d":"16.0"},"-"]
["Área total","hectare",244,2.4,{"v":34.37,"d":"34.4"},328.8,{"v":8387.1,"d":"8,387.1"}]
["Área com cultura perene","hectare",125,0.8,{"v":22.33,"d":"22.3"},210.6,{"v":2791.3,"d":"2,791.3"}]
["Área com cultura temporária","hectare",149,0.4,{"v":27.97,"d":"28.0"},291.1,{"v":4167.7,"d":"4,167.7"}]
["Área com pastagem","hectare",93,0.6,{"v":6.91,"d":"6.9"},78.4,642.8]
["Área com reflorestamento","hectare",5,0.1,{"v":1.14,"d":"1.1"},2.4,5.7]
["Área com vegetação natural","hectare",121,0.1,{"v":3.87,"d":"3.9"},41.1,468.2]
["Área com vegetação de brejo e várzea","hectare",1,{"v":2,"d":"2.0"},{"v":2,"d":"2.0"},{"v":2,"d":"2.0"},{"v":2,"d":"2.0"}]
["Área em descanso","hectare",6,1.2,{"v":3.23,"d":"3.2"},8.4,19.4]
["Área complementar","hectare",190,0.1,{"v":1.53,"d":"1.5"},17.7,{"v":290,"d":"290.0"}]
["Área das UPAs com (0, 1] ha","hectare","-","-","-","-","-"]
["Área das UPAs com (1, 2] ha","hectare","-","-","-","-","-"]
["Área das UPAs com (2, 5] ha","hectare",17,2.4,{"v":3.96,"d":"4.0"},4.8,67.3]
["Área das UPAs com (5, 10] ha","hectare",37,5.2,{"v":7.27,"d":"7.3"},9.7,{"v":269,"d":"269.0"}]
["Área das UPAs com (10, 20] ha","hectare",56,10.1,{"v":13.93,"d":"13.9"},19.8,780.1]
["Área das UPAs com (20, 50] ha","hectare",91,20.5,{"v":32.33,"d":"32.3"},{"v":50,"d":"50.0"},{"v":2941.8,"d":"2,941.8"}]
["Área das UPAs com (50, 100] ha","hectare",29,50.8,{"v":67.68,"d":"67.7"},96.8,{"v":1962.7,"d":"1,962.7"}]
["Área das UPAs com (100, 200] ha","hectare",10,100.4,{"v":137.15,"d":"137.2"},188.8,{"v":1371.5,"d":"1,371.5"}]
["Área das UPAs com (200, 500] ha","hectare",4,210.5,{"v":248.68,"d":"248.7"},328.8,994.7]
["Área das UPAs com (500, 1.000] ha","hectare","-","-","-","-","-"]
["Área das UPAs com (1.000, 2.000] ha","hectare","-","-","-","-","-"]
["Área das UPAs com (2.000, 5.000] ha","hectare","-","-","-","-","-"]
["Área das UPAs com (5.000, 10.000] ha","hectare","-","-","-","-","-"]
["Área das UPAs acima de 10.000 ha","hectare","-","-","-","-","-"]
["Familiares do proprietário que trabalham na UPA","unidade",233,{"v":1,"d":"1.0"},{"v":1.39,"d":"1.4"},{"v":4,"d":"4.0"},{"v":323,"d":"323.0"}]
["Trabalhadores permanentes","unidade",66,{"v":1,"d":"1.0"},{"v":2.79,"d":"2.8"},{"v":80,"d":"80.0"},{"v":184,"d":"184.0"}]
["Fonte: Secretaria de Agricultura e Abastecimento, CDRS/IEA, Projeto LUPA."]
[]
["TABELA 167.2 - Explorações Animais, Município de Embaúba, Estado de São Paulo, 2007/08."]
["ITEM","UNIDADE","N.DE UPAs","MÍNIMO","MÉDIO","MÁXIMO","TOTAL"]
["Asininos E Muares","cabeças",1,{"v":1,"d":"1.0"},{"v":1,"d":"1.0"},{"v":1,"d":"1.0"},{"v":1,"d":"1.0"}]
["Avicultura de Corte","cabeças/ano",1,{"v":18,"d":"18.0"},{"v":18,"d":"18.0"},{"v":18,"d":"18.0"},{"v":18,"d":"18.0"}]
["Avicultura Ornamental/Decorativa/Exótica","cabeças",3,{"v":7,"d":"7.0"},{"v":10,"d":"10.0"},{"v":15,"d":"15.0"},{"v":30,"d":"30.0"}]
["Bovinocultura de Corte","cabeças",8,{"v":8,"d":"8.0"},{"v":25.13,"d":"25.1"},{"v":46,"d":"46.0"},{"v":201,"d":"201.0"}]
["Bovinocultura Leiteira","cabeças",2,{"v":6,"d":"6.0"},20.5,{"v":35,"d":"35.0"},{"v":41,"d":"41.0"}]
["Bovinocultura Mista","cabeças",71,{"v":1,"d":"1.0"},{"v":15.66,"d":"15.7"},{"v":118,"d":"118.0"},{"v":1112,"d":"1,112.0"}]
["Caprinocultura","cabeças",1,{"v":8,"d":"8.0"},{"v":8,"d":"8.0"},{"v":8,"d":"8.0"},{"v":8,"d":"8.0"}]
["Equinocultura","cabeças",26,{"v":1,"d":"1.0"},{"v":2.23,"d":"2.2"},{"v":6,"d":"6.0"},{"v":58,"d":"58.0"}]
["Ovinocultura","cabeças",5,{"v":10,"d":"10.0"},32.2,{"v":60,"d":"60.0"},{"v":161,"d":"161.0"}]
["Suinocultura","cabeças",18,{"v":2,"d":"2.0"},{"v":32.44,"d":"32.4"},{"v":400,"d":"400.0"},{"v":584,"d":"584.0"}]
["Fonte: Secretaria de Agricultura e Abastecimento, CDRS/IEA, Projeto LUPA."]
[]
["TABELA 167.3 -  Máquinas, Implementos e Benfeitorias, Município de Embaúba, Estado de São Paulo, 2007/08."]
["ITEM","UNIDADE","N.DE UPAs","MÍNIMO","MÉDIO","MÁXIMO","TOTAL"]
["Arado Comum (Bacia, Aiveca)","Unidade",39,{"v":1,"d":"1.0"},{"v":1.15,"d":"1.2"},{"v":3,"d":"3.0"},{"v":45,"d":"45.0"}]
["Arado Subsolador","Unidade",2,{"v":1,"d":"1.0"},2.5,{"v":4,"d":"4.0"},{"v":5,"d":"5.0"}]
["Carregadeira de Cana","Unidade",2,{"v":1,"d":"1.0"},1.5,{"v":2,"d":"2.0"},{"v":3,"d":"3.0"}]
["Conj.Irrigação Convencional","Unidade",1,{"v":1,"d":"1.0"},{"v":1,"d":"1.0"},{"v":1,"d":"1.0"},{"v":1,"d":"1.0"}]
["Desintegrador, Picador, Triturador","Unidade",39,{"v":1,"d":"1.0"},{"v":1.05,"d":"1.1"},{"v":2,"d":"2.0"},{"v":41,"d":"41.0"}]
["Distribuidor de Calcário","Unidade",34,{"v":1,"d":"1.0"},{"v":1.03,"d":"1.0"},{"v":2,"d":"2.0"},{"v":35,"d":"35.0"}]
["Ensiladeira","Unidade",9,{"v":1,"d":"1.0"},{"v":1,"d":"1.0"},{"v":1,"d":"1.0"},{"v":9,"d":"9.0"}]
["Grade Aradora (Tipo Romi)","Unidade",11,{"v":1,"d":"1.0"},{"v":1.18,"d":"1.2"},{"v":2,"d":"2.0"},{"v":13,"d":"13.0"}]
["Grade Niveladora","Unidade",65,{"v":1,"d":"1.0"},{"v":1.37,"d":"1.4"},{"v":4,"d":"4.0"},{"v":89,"d":"89.0"}]
["Pulverizador Tratorizado","Unidade",77,{"v":1,"d":"1.0"},{"v":1.64,"d":"1.6"},{"v":6,"d":"6.0"},{"v":126,"d":"126.0"}]
["Semeadeira/Adubadeira para Plantio Convencional","Unidade",9,{"v":1,"d":"1.0"},{"v":1,"d":"1.0"},{"v":1,"d":"1.0"},{"v":9,"d":"9.0"}]
["Terraceador","Unidade",1,{"v":1,"d":"1.0"},{"v":1,"d":"1.0"},{"v":1,"d":"1.0"},{"v":1,"d":"1.0"}]
["Trator de Pneus","Unidade",83,{"v":1,"d":"1.0"},{"v":1.76,"d":"1.8"},{"v":6,"d":"6.0"},{"v":146,"d":"146.0"}]
["Açude/Represa","Unidade",21,{"v":1,"d":"1.0"},{"v":1.19,"d":"1.2"},{"v":3,"d":"3.0"},{"v":25,"d":"25.0"}]
["Almoxarifado/Oficina","Unidade",5,{"v":1,"d":"1.0"},1.2,{"v":2,"d":"2.0"},{"v":6,"d":"6.0"}]
["Armazém para Grãos Ensacados","Sacas",1,{"v":1,"d":"1.0"},{"v":1,"d":"1.0"},{"v":1,"d":"1.0"},{"v":1,"d":"1.0"}]
["Barracão/Galpão/Garagem","Unidade",108,{"v":1,"d":"1.0"},{"v":1.35,"d":"1.4"},{"v":4,"d":"4.0"},{"v":146,"d":"146.0"}]
["Casa de Moradia Habitada","Unidade",104,{"v":1,"d":"1.0"},1.3,{"v":3,"d":"3.0"},{"v":135,"d":"135.0"}]
["Casa de Moradia Total","Unidade",140,{"v":1,"d":"1.0"},{"v":1.59,"d":"1.6"},{"v":5,"d":"5.0"},{"v":222,"d":"222.0"}]
["Curral/Mangueira","Unidade",52,{"v":1,"d":"1.0"},{"v":1.08,"d":"1.1"},{"v":3,"d":"3.0"},{"v":56,"d":"56.0"}]
["Depósito/Tulha","Unidade",77,{"v":1,"d":"1.0"},{"v":1.21,"d":"1.2"},{"v":6,"d":"6.0"},{"v":93,"d":"93.0"}]
["Estufa/Plasticultura","m²",1,{"v":450,"d":"450.0"},{"v":450,"d":"450.0"},{"v":450,"d":"450.0"},{"v":450,"d":"450.0"}]
["Instalações para Equinos","Unidade",3,{"v":1,"d":"1.0"},{"v":3.67,"d":"3.7"},{"v":8,"d":"8.0"},{"v":11,"d":"11.0"}]
["Máquina de Benefício","Unidade",9,{"v":1,"d":"1.0"},{"v":1,"d":"1.0"},{"v":1,"d":"1.0"},{"v":9,"d":"9.0"}]
["Pocilga","Unidade",27,{"v":1,"d":"1.0"},{"v":1.04,"d":"1.0"},{"v":2,"d":"2.0"},{"v":28,"d":"28.0"}]
["Poço Semi-Artesiano","Unidade",115,{"v":1,"d":"1.0"},{"v":1.03,"d":"1.0"},{"v":2,"d":"2.0"},{"v":119,"d":"119.0"}]
["Silo para Silagem","t",3,{"v":25,"d":"25.0"},{"v":53.33,"d":"53.3"},{"v":100,"d":"100.0"},{"v":160,"d":"160.0"}]
["Terreiro","m²",13,{"v":1,"d":"1.0"},{"v":287.15,"d":"287.2"},{"v":1000,"d":"1,000.0"},{"v":3733,"d":"3,733.0"}]
["Fonte: Secretaria de Agricultura e Abastecimento, CDRS/IEA, Projeto LUPA."]
[]
["TABELA 167.4 - Outras Estatísticas Agrícolas, Município de Embaúba, Estado de São Paulo, 2007/08."]
["ITEM","Número de UPAs",null,"Percentual"]
["Faz Parte de Associação de Produtores",59,null,{"v":24.18032786885246,"d":"24.2"}]
["Faz Parte de Cooperativa de Produtores",155,null,{"v":63.52459016393443,"d":"63.5"}]
["Faz Parte do Sindicato de Produtores",17,null,{"v":6.967213114754098,"d":"7.0"}]
["Não utiliza assistência técnica ",147,null,{"v":60.24590163934426,"d":"60.2"}]
["Utiliza somente assistência técnica governamental ",3,null,{"v":1.2295081967213115,"d":"1.2"}]
["Utiliza somente assistência técnica privada ",93,null,{"v":38.114754098360656,"d":"38.1"}]
["Utiliza assistência técnica tanto governamental quanto privada",1,null,{"v":0.4098360655737705,"d":"0.4"}]
["Utiliza Crédito Rural",2,null,{"v":0.8196721311475409,"d":"0.8"}]
["Utiliza Seguro Rural",1,null,{"v":0.4098360655737705,"d":"0.4"}]
["Utiliza Escrituração Agrícola",7,null,{"v":2.8688524590163933,"d":"2.9"}]
["Acessa Internet p/ Fins na Agropecuária",3,null,{"v":1.2295081967213115,"d":"1.2"}]
["Utiliza Computador nas Atividades Agropecuárias",8,null,{"v":3.278688524590164,"d":"3.3"}]
["Utiliza Energia Elétrica Para Uso na Atividade Agrícola",138,null,{"v":56.55737704918033,"d":"56.6"}]
["Realiza Análise de Solo, quando necessário",38,null,{"v":15.573770491803277,"d":"15.6"}]
["Utiliza Práticas de Conservação de Solo, quando necessário",225,null,{"v":92.21311475409836,"d":"92.2"}]
["Faz Adubação Mineral, quando necessário",225,null,{"v":92.21311475409836,"d":"92.2"}]
["Faz Adubação Orgânica, quando necessário",3,null,{"v":1.2295081967213115,"d":"1.2"}]
["Faz Adubação Verde, quando necessário",2,null,{"v":0.8196721311475409,"d":"0.8"}]
["Utiliza Manejo Integrado de Pragas (MIP)","-",null,"-"]
["Utiliza Hidroponia","-",null,"-"]
["Utiliza Plasticultura","-",null,"-"]
["Utiliza Mudas Fiscalizadas",89,null,{"v":36.47540983606557,"d":"36.5"}]
["Utiliza Semente Melhorada",10,null,{"v":4.098360655737705,"d":"4.1"}]
["Faz Confinamento de Bovinos",1,null,{"v":0.4098360655737705,"d":"0.4"}]
["Utiliza Pastejo Intensivo",24,null,{"v":9.836065573770492,"d":"9.8"}]
["Faz Inseminação Artificial","-",null,"-"]
["Faz Mineralização do Rebanho",69,null,{"v":28.278688524590166,"d":"28.3"}]
["Faz Vermifugação do Rebanho",69,null,{"v":28.278688524590166,"d":"28.3"}]
["Possui Parceiros /Arrendatários na Exploração Animal",16,null,{"v":6.557377049180328,"d":"6.6"}]
["Esporte e lazer","-",null,"-"]
["Extração mineral","-",null,"-"]
["Hotel Fazenda, Pousada ou SPA","-",null,"-"]
["Pesque-pague","-",null,"-"]
["Restaurante ou Lanchonete","-",null,"-"]
["Transformação artesanal","-",null,"-"]
["Turismo rural ou ecoturismo","-",null,"-"]
["Outras atividades econômicas rurais",1,null,{"v":0.4098360655737705,"d":"0.4"}]
["Agroindústria","-",null,"-"]
["Proprietário sem instrução ou com instrução incompleta",35,null,{"v":14.344262295081966,"d":"14.3"}]
["Proprietário com antigo primário completo",101,null,{"v":41.39344262295082,"d":"41.4"}]
["Proprietário com 1° grau (ou antigo ginasial) completo",21,null,{"v":8.60655737704918,"d":"8.6"}]
["Proprietário com 2° grau (ou antigo colegial) completo",30,null,{"v":12.295081967213115,"d":"12.3"}]
["Proprietário com curso superior completo ",55,null,{"v":22.54098360655738,"d":"22.5"}]
["Pessoa Jurídica",2,null,{"v":0.8196721311475409,"d":"0.8"}]
["Proprietário residente na própria UPA ",27,null,{"v":11.065573770491802,"d":"11.1"}]
["Fonte: Secretaria de Agricultura e Abastecimento, CDRS/IEA, Projeto LUPA."]
[]
["TABELA 167.5 - Área Cultivada, Município de Embaúba, Estado de São Paulo, 2007/08."]
["CULTURA","N.DE UPAs","MÍNIMO","MÉDIO","MÁXIMO","TOTAL"]
["Cana-de-acucar",131,{"v":1,"d":"1.0"},{"v":30.76,"d":"30.8"},291.1,{"v":4030,"d":"4,030.0"}]
["Laranja",112,0.5,{"v":23.48,"d":"23.5"},210.6,{"v":2629.4,"d":"2,629.4"}]
["Gramas",60,0.6,{"v":6.67,"d":"6.7"},29.1,400.3]
["Amendoim",1,291.1,291.1,291.1,291.1]
["Braquiaria",29,{"v":1,"d":"1.0"},7.8,78.4,226.3]
["Milho",24,0.4,{"v":5.04,"d":"5.0"},24.2,{"v":121,"d":"121.0"}]
["Cafe",11,1.2,{"v":6.37,"d":"6.4"},43.4,70.1]
["Limao",5,0.8,{"v":6.54,"d":"6.5"},{"v":10,"d":"10.0"},32.7]
["Tangerina",4,0.3,{"v":6.15,"d":"6.2"},13.6,24.6]
["Seringueira",3,3.6,{"v":7.67,"d":"7.7"},14.4,{"v":23,"d":"23.0"}]
["Outras gramineas para pastagem",3,1.8,{"v":3.53,"d":"3.5"},4.8,10.6]
["Palmito",3,{"v":1,"d":"1.0"},{"v":3.03,"d":"3.0"},6.8,9.1]
["Tangor",1,{"v":8,"d":"8.0"},{"v":8,"d":"8.0"},{"v":8,"d":"8.0"},{"v":8,"d":"8.0"}]
["Jilo",1,{"v":6,"d":"6.0"},{"v":6,"d":"6.0"},{"v":6,"d":"6.0"},{"v":6,"d":"6.0"}]
["Eucalipto",5,0.1,{"v":1.14,"d":"1.1"},2.4,5.7]
["Coloniao",1,{"v":5,"d":"5.0"},{"v":5,"d":"5.0"},{"v":5,"d":"5.0"},{"v":5,"d":"5.0"}]
["Coco-da-baia",2,0.6,{"v":1.55,"d":"1.6"},2.5,3.1]
["Abacaxi (ou ananas)",1,{"v":1,"d":"1.0"},{"v":1,"d":"1.0"},{"v":1,"d":"1.0"},{"v":1,"d":"1.0"}]
["Mandioca",1,0.6,0.6,0.6,0.6]
["Capim-napier (ou capim-elefante)",1,0.6,0.6,0.6,0.6]
["Pomar domestico",1,0.4,0.4,0.4,0.4]
["Fonte: Secretaria de Agricultura e Abastecimento, CDRS/IEA, Projeto LUPA."]